000
00308 a2200133 4500
005
20240903145230.0
008
240209b |||||||| |||| 00| 0 eng d
020
_a
9781783984909
100
_a
Fisher G.
_9
205508
245
_a
Blender 3D Basics
250
_a
2nd ed.
260
_b
Packt
_c
2014
942
_c
BK
999
_c
356819
_d
356819